Statistics for 日本の公立大学

Click here to take the quiz!

General Stats

  • This quiz has been taken 172 times
  • The average score is 28 of 98

Answer Stats

Answer% Correct
東京都立大学
74%
大阪公立大学
71%
横浜市立大学
62%
京都府立大学
57%
滋賀県立大学
55%
兵庫県立大学
53%
名古屋市立大学
52%
岡山県立大学
51%
公立はこだて未来大学
51%
愛知県立大学
49%
釧路公立大学
48%
札幌市立大学
48%
名寄市立大学
48%
岩手県立大学
48%
秋田県立大学
48%
北九州市立大学
47%
高崎経済大学
45%
奈良県立医科大学
45%
長崎県立大学
44%
熊本県立大学
43%
富山県立大学
43%
島根県立大学
42%
和歌山県立医科大学
42%
埼玉県立大学
42%
静岡県立大学
42%
京都府立医科大学
42%
福井県立大学
41%
福岡県立大学
41%
国際教養大学
41%
新潟県立大学
39%
高知県立大学
39%
石川県立大学
38%
広島市立大学
38%
奈良県立大学
38%
山口県立大学
38%
山陽小野田市立山口東京理科大学
38%
宮城大学
37%
福島県立医科大学
35%
名桜大学
34%
長野大学
34%
山梨県立大学
33%
札幌医科大学
32%
旭川市立大学
31%
都留文科大学
31%
会津大学
31%
神戸市外国語大学
29%
長野県立大学
28%
下関市立大学
27%
高知工科大学
25%
新見公立大学
25%
公立諏訪東京理科大学
24%
京都市立芸術大学
24%
公立鳥取環境大学
24%
尾道市立大学
23%
福知山公立大学
23%
群馬県立女子大学
23%
前橋工科大学
22%
愛知県立芸術大学
21%
茨城県立医療大学
20%
神奈川県立保健福祉大学
20%
沖縄県立芸術大学
20%
県立広島大学
20%
青森公立大学
20%
周南公立大学
19%
千葉県立保健医療大学
18%
福山市立大学
18%
青森県立保健大学
17%
岐阜県立看護大学
16%
叡啓大学
16%
三条市立大学
16%
沖縄県立看護大学
16%
福岡女子大学
16%
公立千歳科学技術大学
15%
愛媛県立医療技術大学
15%
宮崎県立看護大学
14%
山形県立保健医療大学
14%
香川県立保健医療大学
14%
三重県立看護大学
14%
岐阜薬科大学
13%
公立小松大学
13%
神戸市看護大学
11%
石川県立看護大学
11%
長岡造形大学
11%
宮崎公立大学
11%
川崎市立看護大学
11%
大分県立看護科学大学
11%
静岡文化芸術大学
9%
九州歯科大学
9%
新潟県立看護大学
8%
金沢美術工芸大学
8%
群馬県立県民健康科学大学
8%
秋田公立美術大学
7%
山形県立米沢栄養大学
7%
長野県看護大学
5%
東京都立産業技術大学院大学
4%
敦賀市立看護大学
4%
情報科学芸術大学院大学
3%
静岡社会健康医学大学院大学
2%

Score Distribution

Percentile by Number Answered

Percent of People with Each Score

Your Score History

You have not taken this quiz